|
|
|
|
| LEADER |
00000nam a22000007a 4500 |
| 005 |
20210810210728.0 |
| 007 |
cr|||| ||||| |
| 008 |
210810s2015 ca |||||s|||| 00||0 eng d |
| 020 |
|
|
|a 9781552214114
|
| 035 |
|
|
|a 34948
|
| 040 |
|
|
|a vLex
|
| 090 |
|
|
|c 11955
|d 11955
|
| 100 |
1 |
|
|a Roach, Kent
|
| 245 |
1 |
0 |
|a False Security
|h [Recurso electrn̤ico] :
|b The Radicalization of Canadian Anti-Terrorism /
|c Kent Roach, Craig Forcese
|
| 256 |
|
|
|a Servicio en ln̕ea
|
| 260 |
|
|
|a Toronto:
|b Irwin Law Inc.,
|c 2015
|
| 300 |
|
|
|a 1 recurso electrn̤ico
|
| 500 |
|
|
|a Winner of the 2016 Canadian Law and Society Association Book Prize On 20 October 2014, a terrorist drove his car into two members of the Canadian Armed Forces, killing Warrant Officer Patrice Vincent. Two days later, another terrorist murdered Corporal Nathan Cirillo before storming Parliament. In the aftermath of these attacks, Parliament enacted Bill C-51 — the most radical national security law in generations. This new law ignored hard lessons on how Canada both over- and underreacted to terrorism in the past. It also ignored evidence and urgent recommendations about how to avoid these dangers in the future. For much of 2015, Craig Forcese and Kent Roach have provided, as Maclean’s put it, the “intellectual core of what’s emerged as surprisingly vigorous push-back” to Bill C-51. In this book, they show that our terror laws now make a false promise of security even as they present a radical challenge to rights and liberties. They trace how our laws repeat past mistakes of institutionalized illegality while failing to address problems that weaken the accountability of security agencies and impair Canada’s ability to defend against terrorism.
|
| 506 |
1 |
|
|a Disponible solo en los productos indicados
|d vLex Global
|d vLex Global (Academic Edition, excluding Law Schools)
|d vLex Global (U.S. Academic Edition, Law Schools)
|d vLex Global (U.S. Academic Edition, excluding Law Schools)
|d vLex Global (Academic Edition, Law Schools)
|
| 650 |
0 |
4 |
|a Derecho Penal
|z Canad̀
|
| 700 |
1 |
|
|a Forcese, Craig
|
| 740 |
0 |
|
|a vLex Libros (Servicio en ln̕ea)
|
| 856 |
4 |
0 |
|u https://app.vlex.com/#/sources/34948
|z Acceso restringido
|
| 942 |
|
|
|c BOOK
|
| 999 |
0 |
|
|a Criminal law
|